Les Pokémon du Grand Marais (Sinnoh) - Statistiques

Statistiques générales
  • Ce quiz a été pris 20 fois
  • Le résultat moyen est 16 sur 33
Statistiques - réponses
Pokémon du Grand Marais % Correct
Vortente
89%
Axoloto
78%
Maraiste
78%
Castorno
72%
Keunotor
72%
Rapion
72%
Cradopaud
67%
Etourmi
67%
Etourvol
67%
Léviator
67%
Magicarpe
67%
Marill
61%
Azurill
56%
Drascore
56%
Rozbouton
50%
Yanma
50%
Barbicha
44%
Barloche
44%
Coatox
44%
Rosélia
44%
Tropius
44%
Hoothoot
33%
Noarfang
33%
Psykokwak
33%
Saquedeneu
33%
Akwakwak
28%
Noeunoeuf
28%
Paras
28%
Balignon
22%
Gloupti
22%
Kecleon
22%
Arbok
17%
Kangourex
17%
Aucun quiz correspondant
Distribution des résultats
% des personnes avec chaque résultat
Percentile par nombre de réponses
Votre historique - résultats
Vous n’avez pas pris ce quiz